000 01407nam a2200325 i 4500
001 768714001
003 CO-MdFUSB
005 20230928121602.0
007 ta
008 230922t19931993cr ||||g |||| 00| 0 spa d
020 _a9968972401
040 _aCO-MdFUSB
_bspa
_cCO-MdFUSB
_dCO-MdFUSBC
_erda
041 _aspa
082 _223
_a220.92082
_bH368
100 _aHaubert, Katherine M,
_eautor
245 1 3 _aLa mujer en la Biblia
_b : implicaciones para el liderazgo femenino en la iglesia
_c/ Katherine Haubert ; traducido por Gabriela Mata
264 1 _aCosta Rica :
_bVisión Mundial,
_c[1993]
264 4 _c©1993
300 _a120 páginas
_c; 21 cm.
336 _2rdacontent
_atexto
_btxt
337 _2rdamedia
_asin mediación
_bn
338 _2rdacarrier
_avolumen
_bnc
504 _aIncluye índice y bibliografía
505 _aI. Introducción: ¿Es Dios masculino o femenino? -- ¿Son inferiores las mujeres? -- ¿Qué paso en la caída? -- ¿Favoreció Jesús la liberación femenina? -- ¿Le disgustaban a pablo las mujeres? II. Hoja de cálculo: ¿Qué significa ser cabeza? -- ¿Están subordinadas las mujeres? -- ¿Quién tiene la autoridad? -- ¿Puede una mujer enseñar? -- ¿Deberían las mujeres ocupar puestos de liderazgos?
563 _aRústico
650 7 _9327
_aMujeres en la Biblia
700 _98476
_aMata, Gabriela,
_etraductor
942 _cBK
945 _asor1564
999 _c69029
_d69029